Rawatan pesakit menurut Al-Quran dan As-Sunnah / (Record no. 861)

000 -LEADER
fixed length control field nam a22 a 4500
003 - CONTROL NUMBER IDENTIFIER
control field AKMAL
005 - DATE AND TIME OF LATEST TRANSACTION
control field 20170505150522.0
008 - FIXED-LENGTH DATA ELEMENTS--GENERAL INFORMATION
fixed length control field 170505r19901987my 00 may d
020 ## - INTERNATIONAL STANDARD BOOK NUMBER
Terms of availability RM 25.00
040 ## - CATALOGING SOURCE
Original cataloging agency AKMAL
082 04 - DEWEY DECIMAL CLASSIFICATION NUMBER
Classification number 297.122 HAR
090 00 - LOCALLY ASSIGNED LC-TYPE CALL NUMBER (OCLC); LOCAL CALL NUMBER (RLIN)
Classification number (OCLC) (R) ; Classification number, CALL (RLIN) (NR) 297.122
Local cutter number (OCLC) ; Book number/undivided call number, CALL (RLIN) HAR
100 0# - MAIN ENTRY--PERSONAL NAME
Personal name Amran Kasimin,
Dates associated with a name 1945-
9 (RLIN) 1847
245 10 - TITLE STATEMENT
Title Rawatan pesakit menurut Al-Quran dan As-Sunnah /
Statement of responsibility, etc. Amran Kasimin, Haron Din
260 ## - PUBLICATION, DISTRIBUTION, ETC.
Place of publication, distribution, etc. Kuala Lumpur :
Name of publisher, distributor, etc. Percetakan Watan,
Date of publication, distribution, etc. 1987
300 00 - PHYSICAL DESCRIPTION
Extent xi, 134ms. ;
Dimensions 23cm.
500 ## - GENERAL NOTE
General note Mengandungi ayat-ayat dari Quran
504 ## - BIBLIOGRAPHY, ETC. NOTE
Bibliography, etc. note Bibliografi : ms.133-134
650 #0 - SUBJECT ADDED ENTRY--TOPICAL TERM
Topical term or geographic name entry element Medicine in the Qur'an
9 (RLIN) 1848
650 #0 - SUBJECT ADDED ENTRY--TOPICAL TERM
Topical term or geographic name entry element Medicine
General subdivision Religious aspects
-- Islam
9 (RLIN) 1849
700 0# - ADDED ENTRY--PERSONAL NAME
Personal name Haron Din,
Titles and other words associated with a name Dato', Dr.,
Dates associated with a name 1940-
9 (RLIN) 1838
942 ## - ADDED ENTRY ELEMENTS (KOHA)
Source of classification or shelving scheme
Koha item type Book
Holdings
Withdrawn status Lost status Source of classification or shelving scheme Damaged status Not for loan Collection code Home library Current library Shelving location Date acquired Inventory number Total Checkouts Full call number Barcode Date last seen Price effective from Koha item type
          NON-FICTION AKMAL Melaka AKMAL Melaka PINJAMAN 05.05.2017 200205   297.122 HAR 201701772 05.05.2017 05.05.2017 Book
Pusat Sumber Maklumat Dato' Haji Sarmin Md Hussin, Akademi Kastam Diraja Malaysia, Melaka
Tel: 06-2331106 | Faks: 06-2313787